00409nam a2200157Ia 45000010006000000050017000060080041000230410008000640820017000721000022000892450087001112600009001983000028002076500008002356540008002431069820260306161851.0260306t1980||||xx |||||||||||||| ||spa|| aESP a946.081bR81 aRomero, LuiseAUT 0aCara y cruz de la República 1931-1936:bfinalista premio Espejo de España 1980 c1980 a348 páginas :c25 cm. aGEN aCHU